Red Images by Category Quiz Stats

 Plays Quiz Updated Jan 6, 2018

Score 0/30 Timer 05:00
4 Plays Today
Category Answer % Correct
FoodsTomato
96.6%
Lobster
94.4%
The Incredibles
87.7%
Elmo
86.6%
Red Velvet Cake
86.5%
China
84.5%
Movie PostersKill Bill: Vol. 2
82.8%
Clifford the Big Red Dog
80.6%
Licorice
79.9%
Fictional CharactersThe Flash
78.3%
Texaco
77.9%
LogosKmart
77.5%
Pomegranate
74.9%
To Kill a Mockingbird
72.7%
The Da Vinci Code
72.6%
Category Answer % Correct
The Karate Kid
66.9%
Lightning McQueen
64.3%
Diary of a Wimpy Kid
62.9%
Suzuki
62.5%
FlagsTurkey
60%
Starsky & Hutch
56%
A Clockwork Orange
50.7%
Mr. Krabs
47.5%
Delta
37.5%
Xerox
32.7%
Austria
31.8%
Albania
31.8%
Django Unchained
25.3%
Book CoversThe Catcher in the Rye
24.9%
Morocco
21.1%

You're not logged in!

Compare scores with friends on all Sporcle quizzes.
OR
Log In

You Might Also Like...

Show Comments

Extras

Top Quizzes Today


Score Distribution

Your Account Isn't Verified!

In order to create a playlist on Sporcle, you need to verify the email address you used during registration. Go to your Sporcle Settings to finish the process.

Report this User

Report this user for behavior that violates our Community Guidelines.

Details: